000 00678nam a2200145Ia 4500
008 220216s9999 xx 000 0 und d
100 _aSainoi T
_cet al
245 0 _aAssessment of low frequency tapping systems with stimulation on Hevea in Southern Thailand
260 _bSustainability of the NR Industry: Issues, Challenges & Opportunities: International Rubber Conference, 21-22 November 2016, Cambodian Rubber Research Institute (CRRI) and International Rubber Research and Development Board (IRRDB), Siem Reap, Cambodia, pp.172-182.
650 _aHevea brasiliensis
650 _aLow frequency tapping system
650 _aStimulation
650 _aYield
942 _cJS
999 _c54543
_d54543